000 01343namaa2200337 i 4500
003 EG-GICUC
005 20260627133633.0
008 260627s2004 ua ||||jr|||| 00| 0 ara d
017 _a2003 / 19363
_bدار الكتب والوثائق القومية (مصر)
020 _a9770189227
040 _aEG-GiCUC
_bara
_cEG-GiCUC
_dEG-GiCUC
_erda
082 0 4 _221
_a323.4
_bJ949
092 0 4 _221
_a323.4
_bJ949
099 _a323.4 J949
100 1 _aجمعة، عمرو
_eمؤلف.
245 1 0 _aمنظومة حقوق الانسان فى مائة عام /
_cالمستشار عمرو جمعة
264 _aالقاهرة (مصر) :
_bالهيئة المصرية العامة للكتاب،
_c2004
300 _aمجلد ؛
_c24 سم
336 _2rdacontent
_atext
337 _2rdamedia
_aUnmediated
338 _2rdacarrier
_avolume
490 1 _3مهرجان القاهرة للجميع . مكتبة الاسرة 2004. الاعمال الخاصة
504 _a.
541 _aد. / جابر عصفور ؛
_bالقاهرة ؛
_cإهداء ؛
_d2024.
650 1 7 _aالحقوق المدنية
_2qrmak
650 1 7 _aحقوق الانسان
_2qrmak
651 1 _2qrmak
830 0 _aمهرجان القاهرة للجميع .
_nمكتبة الاسرة 2004 .
_pالاعمال الخاصة
905 _aAmira
942 _2ddc
_cBK
_e21
_n0
999 _c180627
_d180627